El evangelio según Juan

Збережено в:
Бібліографічні деталі
Автор: Brown, Raymond Edward (Автор)
Формат: Книга
Мова:Іспанська
Опубліковано: Madrid Ediciones Cristiandad 1979
Редагування:1a. ed
Предмети:
Теги: Додати тег
Немає тегів, Будьте першим, хто поставить тег для цього запису!

MARC

LEADER 00000cam a2200000 a 4500
001 UCD5821
003 CL-VaPUC
008 161028e19790000sp |||||||||||||||||spa|d
020 |a 847057258Xo.c 
020 |a 8470572598t.1 
020 |a 8470572601t.2 
082 0 4 |a 226.5  |b BRO  |2 21 
100 |a Brown, Raymond Edward  |e author  |9 589625 
245 1 3 |a El evangelio según Juan 
250 |a 1a. ed 
300 |a t 
942 |c BK 
945 |d 20161028 10:18:00  |a dcastane 
260 |a Madrid  |b Ediciones Cristiandad  |c 1979 
500 |a t.1: I-XII 
500 |a t.2: XIII-XXI 
650 0 |a Nuevo testamento  |9 257604 
650 0 |a Evangelios  |9 314864 
650 0 |a Evangelistas  |9 315131 
583 |a last modification  |c 20161028 10:18:00  |k Rodrigo Vera 
999 |c 366370  |d 366368 
952 |0 0  |1 0  |3 erd  |4 0  |6 226_500000000000000_BRO_1979  |7 0  |8 A  |9 480562  |a BIBTEO  |b BIBTEO  |h t.1  |i 5345561  |l 2  |o 226.5 BRO 1979  |p 5345561  |r 2025-03-24  |s 2025-03-17  |w 2019-11-24  |y BK  |z Catalogado en:20161028  |k ICR 
952 |0 0  |1 0  |3 erd  |4 0  |6 226_500000000000000_BRO_1979  |7 0  |8 A  |9 480563  |a BIBTEO  |b BIBTEO  |h t.2  |i 5345219  |o 226.5 BRO 1979  |p 5345219  |r 2025-01-17  |w 2019-11-24  |y BK  |z Catalogado en:20161028  |k ICR